• 首页
  • 本馆介绍
  • 公告通知
  • 最新文献
  • 馆藏检索
  • 电子资源
  • 读者荐购
  • 参考咨询
  • CALIS
  • 我的图书馆
  • 登录
  • 详细信息显示
  • 放入我的书架
  • 预约/预借图书
  • 作者相关作品
  • 分类相关作品
  • 丛书相关作品
  • 出版社相关作品

书目信息

  • 表格格式
  • 工作单格式
  • 卡片格式
题名:
全国注册安全工程师执业资格考试案例分析1
    
 
作者: ;《全国注册执业资格考试指定用书配套辅导系列教材》编委会
分册:  
出版信息:   建材工业  2006.04
页数: 276页
开本: 29cm
丛书名:
单 册:
中图分类: X93-44
科图分类:
主题词: 劳动--安全技术 , 劳动--安全工程
电子资源:
ISBN: 7-80227-083-9
 
 
 
 
 
000 00859nam0 2200217 45
001 0952512413
005 20091017143750.94
010    @a7-80227-083-9@dCNY45.00
100    @a20090515d2006 ekmy0 y0120 ea
102    @aCN@b130000
105    @ay z 000yy
200 1  @a全国注册安全工程师执业资格考试案例分析1@f《全国注册执业资格考试指定用书配套辅导系列教材》编委会@F《quan guo zhu ce zhi ye zi ge kao shi zhi ding yong shu pei tao fu dao xi lie jiao cai》bian wei hui
210    @c建材工业@d2006.04
215    @a276页@d29cm
606 0  @a劳动@x安全技术
606 0  @a劳动@x安全工程
690    @aX93-44@v4
711 02 @a《全国注册执业资格考试指定用书配套辅导系列教材》编委会@A《quan guo zhu ce zhi ye zi ge kao shi zhi ding yong shu pei tao fu dao xi lie jiao cai》bian wei hui
801  0 @aCN@c20091017
905    @a10447@dX93-44@eZ3421
906    @d45@n3@r1
    
    全国注册安全工程师执业资格考试案例分析1/《全国注册执业资格考试指定用书配套辅导系列教材》编委会.-建材工业,2006.04
    276页;29cm
    
    
    ISBN 7-80227-083-9:CNY45.00
    
●
相关链接 在E读中查询图书 在当当中查询图书 在豆瓣中查询图书


正题名:全国注册安全工程师执业资格考试案例分析1     索取号:X93-44/Z3421         预约/预借

序号 登录号 条形码 馆藏地/架位号 状态 备注
1 890890   208908903   自科二线504/504自科库 13排1列5层/ [索取号:X93-44/Z3421] 在馆    
2 890891   208908912   自科二线504/504自科库 13排1列5层/ [索取号:X93-44/Z3421] 在馆    
3 890892   208908921   自科库501/501自科库 121排2列4层/ [索取号:X93-44/Z3421] 在馆    
河南城建学院图书馆 欢迎您!
大连网信软件有限公司© 版权所有